[Event "SVK-chT2B 1819"]
[Site "Slovakia"]
[Date "2019.04.07"]
[Round "11.8"]
[White "Masarik, Pavol"]
[Black "Sosovickova, Jana"]
[Result "1/2-1/2"]
[WhiteElo "1559"]
[BlackElo "1674"]
[PlyCount "50"]
[EventDate "2018.10.13"]
[EventType "team-tourn"]
[EventRounds "11"]
[EventCountry "SVK"]
[SourceTitle "EXT 2020"]
[Source "ChessBase"]
[SourceDate "2019.10.17"]
[SourceVersion "1"]
[SourceVersionDate "2019.10.17"]
[SourceQuality "1"]
[WhiteTeam "Prievidza"]
[BlackTeam "Povazske Podhradie"]
[WhiteTeamCountry "SVK"]
[BlackTeamCountry "SVK"]

1. e4 e5 2. Nf3 Nc6 3. Bc4 Bc5 4. c3 Nf6 5. d3 d6 6. 0-0 0-0 7. Bg5 Be6 8. Nbd2 a6 9. Bxe6 fxe6 10. Nb3 Bb6 11. d4 exd4 12. Nbxd4 Nxd4 13. cxd4 Qe8 14. Qe2 Qg6 15. Bxf6 Qxf6 16. e5 dxe5 17. dxe5 Qg6 18. Rad1 Rad8 19. Rxd8 Rxd8 20. Rd1 Qe8 21. Ng5 Rxd1+ 22. Qxd1 h6 23. Nf3 Qe7 24. Qd2 Bc5 25. a3 Bb6 1/2-1/2